Diccionario ortográfico y normas gramaticales adaptadas a las nuevas normas de la Real Academia de la Lengua, declaradas de aplicación desde el 1 de enero de 1959 / (Record no. 24916)
[ view plain ]
| 000 -LEADER | |
|---|---|
| campo de control de longitud fija | 00676nam a2200169 i 4500 |
| 001 - NÚMERO DE CONTROL | |
| campo de control | 24916 |
| 003 - IDENTIFICADOR DE NÚMERO DE CONTROL | |
| campo de control | ES-MaACL |
| 005 - FECHA Y HORA DE LA ÚLTIMA TRANSACCIÓN | |
| campo de control | 20230906153148.0 |
| 007 - CAMPO FIJO DE DESCRIPCIÓN FÍSICA--INFORMACIÓN GENERAL | |
| campo de control de longitud fija | t| |
| 008 - DATOS DE LONGITUD FIJA--INFORMACIÓN GENERAL | |
| campo de control de longitud fija | 021219s1959 sp ||||1| spa d |
| 100 1# - ENTRADA PRINCIPAL--NOMBRE DE PERSONA | |
| Nombre de persona | Angulo García, Ricardo. |
| 9 (RLIN) | 21787 |
| 245 10 - MENCIÓN DEL TÍTULO | |
| Título | Diccionario ortográfico y normas gramaticales adaptadas a las nuevas normas de la Real Academia de la Lengua, declaradas de aplicación desde el 1 de enero de 1959 / |
| Mención de responsabilidad, etc. | Ricardo Angulo García ; prólogo de Eugenio de Bustos Tovar. |
| 260 ## - PUBLICACIÓN, DISTRIBUCIÓN, ETC. | |
| Lugar de publicación, distribución, etc. | [Madrid : |
| Nombre del editor, distribuidor, etc. | s.n., |
| Fecha de publicación, distribución, etc. | 1959] ( |
| Fabricante | Artes Gráficas Ibarra) |
| 300 ## - DESCRIPCIÓN FÍSICA | |
| Extensión | 343 p. ; |
| Dimensiones | 16 cm. |
| 700 1# - ENTRADA AGREGADA--NOMBRE PERSONAL | |
| Nombre de persona | Bustos, Eugenio de. |
| 9 (RLIN) | 32927 |
| 852 ## - LOCALIZACIÓN | |
| Ubicación | ES-MaACL |
| Número de control de estantería | C-18115 |
| Sublocalización o colección | R.45642 |
| Estatus retirado | Estado de pérdida | Estado de daño | No para préstamo | Colección | Biblioteca de origen | Biblioteca actual | Ubicación en estantería | Fecha de adquisición | Fuente de adquisición | Total de préstamos | Signatura topográfica completa | Código de barras | Visto por última vez | Precio de reemplazo | Tipo de ítem Koha |
|---|---|---|---|---|---|---|---|---|---|---|---|---|---|---|---|
| Colección de referencia | Biblioteca del Ateneo de Madrid | Biblioteca del Ateneo de Madrid | Galería | 17/01/2008 | C-18115 | 1025689 | 23/02/2023 | 23/02/2023 | Libro impreso |
